Ouvertures d'échecs par images - Statistiques

Statistiques générales
  • Ce quiz a été pris 317 fois
  • Le résultat moyen est 16 sur 69
Statistiques - réponses
Par images Réponse % Correct
Gambit du roi
88%
Partie italienne
62%
Partie espagnole
61%
Défense française
60%
Défense sicilienne
59%
Défense scandinave
58%
Gambit dame
56%
Partie des quatre cavaliers
56%
Partie écossaise
55%
Défense Caro-Kann
53%
Gambit dame accepté
47%
Défense russe
40%
Partie des trois cavaliers
39%
Début ouvert
37%
Défense Alekhine
36%
Défense Philidor
36%
Défense slave
35%
Gambit dame refusé
34%
Ouverture anglaise
33%
Gambit viennois
30%
Partie viennoise
30%
Début du fou
29%
Défense hollandaise
28%
Début Réti
25%
Défense Pirc
23%
Système de Londres
23%
Début Bird
22%
Défense nimzo-indienne
22%
Début Ponziani
20%
Défense est-indienne
20%
Défense ouest-indienne
20%
Défense Damiano
19%
Défense semi-slave
19%
Gambit danois
18%
Partie du centre
18%
Début fermé
17%
Contre-gambit Albin
16%
Défense Benoni
16%
Défense indienne
16%
Attaque Trompowsky
15%
Partie catalane
15%
Gambit Benko
14%
Défense Tarrasch
13%
Gambit letton
13%
Défense Bogo-indienne
12%
Défense Grünfeld
12%
Gambit éléphant
12%
Gambit Englund
12%
Giuoco Piano
12%
Défense Nimzowitsch
11%
Début Larsen
9%
Défense semi-Tarrasch
9%
Gambit de Budapest
9%
Défense moderne
8%
Défense Tchigorine
7%
Ouverture du fianchetto roi
7%
Défense des deux cavaliers
6%
Système Colle
6%
Variante d'échange du gambit dame refusé
5%
Défense vieille-indienne
4%
Défense Benoni moderne
3%
Défense Cambridge-Springs
3%
Gambit Blackmar-Diemer
3%
Attaque Torre
2%
Défense polonaise
2%
Variante Tartakover
2%
Défense néo-Grünfeld
1%
Attaque Barry
0%
Attaque Richter-Veressov
0%
Aucun quiz correspondant
Distribution des résultats
% des personnes avec chaque résultat
Percentile par nombre de réponses
Votre historique - résultats
Vous n’avez pas pris ce quiz